000
00253nam a22001217a 4500
003
OSt
008
231102b |||||||| |||| 00| 0 eng d
041
_a
mal
082
_a
629.2
100
_a
John M V
_9
5568
245
_a
Adhunika motor vandi
942
_c
BK
999
_c
17777
_d
17777